Based on a Bond Book? Sudden Death - Statistics

General Stats
  • This quiz has been taken 47 times
  • The average score is 9 of 17
Answers on the Grid
Answers color-coded by a green-red scale on the quiz's grid according to % correct below.
Dr. No
From Russia with Love
Goldfinger
Thunderball
You Only Live Twice
On Her Majesty's Secret Service
Diamonds Are Forever
Live and Let Die
The Man with the Golden Gun
The Spy who Loved Me
Moonraker
For Your Eyes Only
A View to a Kill
Octopussy
The Living Daylights
Licence to Kill
GoldenEye
Tomorrow Never Dies
The World Is Not Enough
Die Another Day
Casino Royale
Quantum of Solace
Skyfall
Spectre
No Time to Die
 
Answer Stats
Answer % Correct
Dr. No
86%
From Russia with Love
76%
Goldfinger
76%
On Her Majesty's Secret Service
69%
Diamonds Are Forever
66%
Thunderball
66%
You Only Live Twice
59%
Casino Royale
55%
Live and Let Die
55%
Octopussy
55%
Moonraker
52%
The Spy who Loved Me
52%
The Man with the Golden Gun
48%
A View to a Kill
41%
For Your Eyes Only
41%
The Living Daylights
31%
Quantum of Solace
14%
No matching quizzes found
Score Distribution
Percent of People with Each Score
Percentile by Number Answered
Your Score History
You have not taken this quiz